Creative mathematics : (رقم التسجيلة. 33386)

تفاصيل مارك
000 -الفاتح
حقل البيانات ثابتة الطول 01150cam a22003377a 4500
001 - رقم الضبط
رقم الضبط 17097108
003 - محدد رقم الضبط
رقم الضبط OSt
005 - وقت وتاريخ اخر تعامل مع التسجيلة
رقم الضبط 20150408114205.0
008 - عناصر البيانات ثابتة الطول - معلومات عامة
حقل البيانات ثابتة الطول 100311s2009 enka 001 0 eng d
010 ## - رقم ضبط مكتبة الكونجرس
رقم ضبط مكتبة الكونجرس 2010291965
016 7# - رقم ضبط الوكاله الوطنية للضبط الببليوجرافي
رقم ضبط التسجيلة 015558214
المصدر Uk
020 ## - الرقم الدولى المعيارى للكتب
الرقم الدولى المعيارى للكتاب 052113059X (pbk.)
020 ## - الرقم الدولى المعيارى للكتب
الرقم الدولى المعيارى للكتاب 9780521130592 (pbk.)
035 ## - رقم ضبط النظام
رقم ضبط النظام (OCoLC)ocn496958284
040 ## - مصدر الفهرسة
وكالة الفهرسة الأصلية BTCTA
لغة الفهرسة eng
وكالة النسخ BTCTA
وكالة التعديل OI@
-- CUD
-- YDXCP
-- BWK
-- BWX
-- SBM
-- UKMGB
-- UAT
-- DLC
042 ## - رمز التحقق
رمز التحقق lccopycat
050 00 - رقم طلب مكتبة الكونجرس
رقم التصنيف QA43
رقم المادة .B365 2009
082 04 - رقم تصنيف ديوى العشرى
رقم التصنيف 510.76
رقم الطبعة 22
100 1# - المدخل الرئيسى - إسم شخصى
الإسم الشخصى Beardon, Alan F.
9 (RLIN) 14358
245 10 - بيان العنوان
العنوان Creative mathematics :
بقية العنوان a gateway to research /
بيان المسئوليه,etc Alan F. Beardon.
260 ## - PUBLICATION, DISTRIBUTION, ETC. (IMPRINT)
مكان الناشر او الموزع Cambridge ;
-- New York :
اسم الناشر او الموزع Cambridge University Press,
تاريخ النشر أو التوزيع 2009.
300 ## - الوصف المادى
التعداد x, 110 p. :
تفاصيل ماديه اخرى للوعاء ill. ;
أبعاد الوعاء 22 cm.
490 1# - بيان السلسلة
عنوان السلسلة AIMS library series
500 ## - تبصرة عامة
تبصرة عامة Includes index.
650 #0 - المدخل الاضافى بالموضوع-مصطلح موضوعى
مصطلح موضوعي أو اسم جغرافي كعنصر مدخل Mathematics
التقسيم الفرعي الشكلي Problems, exercises, etc.
9 (RLIN) 4595
650 #0 - المدخل الاضافى بالموضوع-مصطلح موضوعى
مصطلح موضوعي أو اسم جغرافي كعنصر مدخل Mathematical recreations.
9 (RLIN) 14359
710 2# - المدخل الاضافى - اسم هيئه
اسم الهيئة أو اسم السلطة كمدخل African Institute of Mathematical Sciences.
9 (RLIN) 14360
830 #0 - المدخل الاضافى بالسلسلة -عنوان موحد
عنوان موحد AIMS library series.
9 (RLIN) 14361
942 ## - عناصر المدخل الإضافي( كوها)
مصدر التصنيف او مخطط الترفيف Dewey Decimal Classification
Koha [default] item type كتاب
المقتنيات
حالة الفقد نموذج السعر الفعال حالة تلف ليس للاعارة رقم الطلب تاريخ الاكتساب الموقع الحالي الفرع الرئيسي Date last seen نوع المادة فى نظام كوها مصدر التصنيف او خطة الترفيف Total Checkouts
  2014-01-27     510.76 BAC 2014-01-27 المكتبة المركزية بالمجمعة (CL) المكتبة المركزية بالمجمعة (CL) 2014-01-27 كتاب Dewey Decimal Classification